[Event "FRA-chT3 Gr12 0304"]
[Site "Loire"]
[Date "2004.02.01"]
[Round "5.6"]
[White "Chanove, Bruno"]
[Black "Trouillet, Francois"]
[Result "0-1"]
[WhiteElo "1570"]
[BlackElo "1830"]
[PlyCount "78"]
[EventDate "2003.10.12"]
[EventType "team"]
[EventRounds "9"]
[EventCountry "FRA"]
[SourceTitle "EXT 2008"]
[Source "ChessBase"]
[SourceDate "2007.11.25"]
[SourceVersion "1"]
[SourceVersionDate "2007.11.25"]
[SourceQuality "1"]

1. e4 c5 2. Nf3 Nc6 3. d4 cxd4 4. Nxd4 Nf6 5. Nxc6 bxc6 6. Bd3 e5 7. Bg5 Be7 8. Nd2 0-0 9. 0-0 d5 10. h3 Be6 11. c3 Qb6 12. Qc2 h6 13. Bh4 Rfe8 14. Rfe1 Nxe4 15. Nxe4 Bxh4 16. Nd6 e4 17. Nxe8 exd3 18. Nf6+ Bxf6 19. Qxd3 Qxb2 20. Rab1 Qxc3 21. Qa6 Bd4 22. Re2 Bf5 23. Rd1 Rb8 24. Kh2 Rb2 25. Rde1 Rxe2 26. Qxe2 Be6 27. Rb1 Bb6 28. Qf1 Qd2 29. a4 Qf4+ 30. Kh1 Qxa4 31. Rc1 c5 32. Qe1 c4 33. Qe5 Qd7 34. f4 Bxh3 35. Rf1 Bf5 36. Rf3 Qe6 37. Qb8+ Kh7 38. Rg3 Qe1+ 39. Kh2 Qg1# 0-1